000 00876nac a22002537a 4500
001 BR8206936
003 BR-BrBNA
005 20240105115555.0
008 230509b bl.|||m| |||| 00| 0 por d
040 _aBR-BrBNA
_bpor
_cBiblioteca Nacional de Agricultura
072 _aL73
090 _a5214 BR8206936
100 1 _aBacalhau, A. dos S.
110 1 _aEmpresa Estadual de Pesquisa Agropecuaria da Paraiba S.A., Joao Pessoa (Brasil)
245 1 _aIncidencia da tricomoniase bovina em alguns municipios do Estado da Paraiba
260 3 _aJoao Pessoa, PB (Brasil):
_c1982.
300 _a4 p.
490 _aComunicado Tecnico - Empresa Estadual de Pesquisa Agropecuaria da Paraiba S.A. (Brazil)
_vno. 2
_xISSN 1001-9414
650 _aBOVINO
650 _aTRICOMONOSE
650 _aPARAIBA
909 _a202312
_bLúcia Elande
_c55
_dLúcia Elande
942 _2AGRIS
_n0
_cMS
999 _c275382
_d275382